00370nam a2200121 a 450000100100000000500170001000800410002704000250006808200140009324500540010726000610016130000260022200004767920201002060655.0180717s2006 dr a 000 spa d aDO-SdBNPbspacBNPHU axxxbG943 0aGuía :. :bcosta caribe República Dominicana. aSanto Domingo :bSecretaria de Estado de Turismo,c2006. a69 p. :bil ;c21 cm.